[Event "PRO League Stage"]
[Site "Chess.com INT"]
[Date "2020.02.17"]
[Round "7"]
[White "Blomqvist, Erik"]
[Black "Klein, David"]
[Result "1/2-1/2"]
[WhiteElo "2539"]
[BlackElo "2495"]
[PlyCount "172"]
[EventDate "2020.01.06"]
[EventType "team-swiss (rapid)"]
[EventRounds "7"]
[EventCountry "USA"]
[SourceTitle "CBM 194 Extra"]
[Source "ChessBase"]
[SourceDate "2020.03.31"]
[SourceVersion "1"]
[SourceVersionDate "2020.03.31"]
[SourceQuality "1"]
[WhiteTeam "Sweden Wasabis"]
[BlackTeam "Netherlands Mosquitoes"]
[WhiteTeamCountry "SWE"]
[BlackTeamCountry "NED"]

1. e4 a6 2. d4 h6 3. c4 d6 4. Nc3 Nc6 5. d5 Ne5 6. f4 Ng6 7. Nf3 e5 8. dxe6 fxe6 9. e5 dxe5 10. Qxd8+ Kxd8 11. fxe5 N8e7 12. Be3 Bd7 13. 0-0-0 Kc8 14. Bd3 Nf5 15. Bf2 Bc6 16. Be4 Bxe4 17. Nxe4 Be7 18. g4 Nfh4 19. Bxh4 Bxh4 20. Nxh4 Nxh4 21. Rhf1 b6 22. Rf7 g5 23. Rdd7 Ra7 24. Rde7 a5 25. Nd6+ Kb8 26. Nb5 Rb7 27. Nxc7 Kc8 28. Nb5 Rxe7 29. Rxe7 Rf8 30. Rxe6 Rf4 31. Rxh6 Rxc4+ 32. Kd2 Rb4 33. Na7+ Kb7 34. Rh7+ Ka6 35. Kc3 b5 36. b3 Rxg4 37. Nc8 b4+ 38. Kd3 Nf5 39. Ra7+ Kb5 40. Nd6+ Nxd6 41. exd6 Rg1 42. Ke4 Kb6 43. Ra8 Kc6 44. Ra6+ Kd7 45. Kd5 Rd1+ 46. Ke5 Re1+ 47. Kf5 Re2 48. Rxa5 Rxh2 49. Kxg5 Kxd6 50. Kf4 Kc6 51. Ke4 Kb6 52. Ra4 Kb5 53. Kd4 Rd2+ 54. Ke3 Rd8 55. Ra7 Re8+ 56. Kd3 Rd8+ 57. Kc2 Rc8+ 58. Kd3 Rd8+ 59. Kc2 Rc8+ 60. Kb2 Rh8 61. Rb7+ Kc5 62. Rc7+ Kb5 63. Rc2 Rd8 64. Rg2 Rd5 65. Kc2 Kc5 66. Rd2 Rh5 67. Rg2 Rd5 68. Rg8 Kb5 69. Rc8 Rd7 70. Rh8 Rd5 71. Rc8 Rd7 72. Rc4 Rd5 73. Rh4 Rg5 74. Rh2 Rd5 75. Rd2 Rh5 76. Kd3 Rh3+ 77. Kd4 Rh4+ 78. Ke3 Rh3+ 79. Ke4 Rh4+ 80. Kd5 Rh5+ 81. Kd6 Rh6+ 82. Kc7 Rh7+ 83. Rd7 Rh5 84. Rd2 Rh7+ 85. Rd7 Rh5 86. Rd2 Rh7+ 1/2-1/2

[Event "PRO League Stage"]
[Site "Chess.com INT"]
[Date "2020.02.17"]
[Round "7"]
[White "Klein, David"]
[Black "Miezis, Normunds"]
[Result "1-0"]
[WhiteElo "2495"]
[BlackElo "2484"]
[PlyCount "145"]
[EventDate "2020.01.06"]
[EventType "team-swiss (rapid)"]
[EventRounds "7"]
[EventCountry "USA"]
[SourceTitle "CBM 194 Extra"]
[Source "ChessBase"]
[SourceDate "2020.03.31"]
[SourceVersion "1"]
[SourceVersionDate "2020.03.31"]
[SourceQuality "1"]
[WhiteTeam "Netherlands Mosquitoes"]
[BlackTeam "Sweden Wasabis"]
[WhiteTeamCountry "NED"]
[BlackTeamCountry "SWE"]

1. e4 c5 2. Nf3 e6 3. d4 cxd4 4. Nxd4 a6 5. Nc3 Qc7 6. Bd3 Nc6 7. Nxc6 dxc6 8. 0-0 e5 9. a4 Nf6 10. Be3 Ng4 11. Bc1 Bc5 12. h3 Nf6 13. Bg5 h6 14. Bd2 Be6 15. a5 Rd8 16. Na4 Bd4 17. Qe2 g5 18. Kh1 g4 19. hxg4 Nxg4 20. f3 Qe7 21. g3 Nf6 22. Qh2 Rg8 23. Kg2 Rg6 24. Rh1 Kd7 25. Nb6+ Kc7 26. Rab1 Kb8 27. Kf1 Rdg8 28. Be1 h5 29. Ke2 R6g7 30. Qh4 Qd8 31. c3 Bc5 32. b4 Be7 33. Qh2 h4 34. Qxh4 Rh7 35. Qxh7 Nxh7 36. Rxh7 Rh8 37. Rxh8 Qxh8 38. Bf2 Qh2 39. Nc4 f6 40. g4 Qh8 41. Rd1 Qg8 42. Ne3 c5 43. bxc5 Bxc5 44. Rb1 Ka7 45. Nf5 Bxf2 46. Kxf2 Bxf5 47. exf5 Qa2+ 48. Kg3 Qxa5 49. Be4 b5 50. c4 Qd2 51. cxb5 axb5 52. Kh3 b4 53. g5 fxg5 54. f6 Qf4 55. Rxb4 Qxf6 56. Kg2 Qf4 57. Rb3 g4 58. Bd5 Qd2+ 59. Kg3 Qxd5 60. Ra3+ Kb6 61. fxg4 Qd4 62. Rb3+ Kc6 63. Rf3 Kd5 64. g5 Qg1+ 65. Kh4 Ke4 66. Rg3 Qh2+ 67. Rh3 Qg2 68. Rg3 Qh1+ 69. Rh3 Qe1+ 70. Kh5 Kf4 71. g6 Qg1 72. Kh6 Qg5+ 73. Kh7 1-0

[Event "PRO League Stage"]
[Site "Chess.com INT"]
[Date "2020.02.05"]
[Round "5"]
[White "Klein, David"]
[Black "Herrera Reyes, Jose Antonio"]
[Result "1/2-1/2"]
[WhiteElo "2495"]
[BlackElo "2304"]
[PlyCount "163"]
[EventDate "2020.01.06"]
[EventType "team-swiss (rapid)"]
[EventRounds "7"]
[EventCountry "USA"]
[SourceTitle "CBM 194 Extra"]
[Source "ChessBase"]
[SourceDate "2020.03.31"]
[SourceVersion "1"]
[SourceVersionDate "2020.03.31"]
[SourceQuality "1"]
[WhiteTeam "Netherlands Mosquitoes"]
[BlackTeam "Spain Raptors"]
[WhiteTeamCountry "NED"]
[BlackTeamCountry "ESP"]

1. e4 c5 2. Nf3 e6 3. g3 a6 4. Bg2 Qc7 5. 0-0 d6 6. Re1 Nd7 7. Nc3 Be7 8. a4 b6 9. d4 cxd4 10. Nxd4 Bb7 11. Qg4 h5 12. Qe2 Ngf6 13. h3 Rc8 14. Be3 Ne5 15. Rad1 Qb8 16. f4 Nc4 17. Bc1 b5 18. axb5 axb5 19. Ndxb5 Ba6 20. e5 dxe5 21. fxe5 Bxb5 22. exf6 gxf6 23. Kh1 Ba6 24. Bf4 Qxb2 25. Nd5 Bd8 26. Qf2 Kf8 27. Qa7 Qb7 28. Qd4 exd5 29. Bxd5 Qb6 30. Qe4 Nd6 31. Bxd6+ Qxd6 32. Qe8+ Kg7 33. Qxf7+ Kh6 34. Bf3 Qxg3 35. Qxh5+ Kg7 36. Rg1 Rxh5 37. Rxg3+ Rg5 38. Rxg5+ fxg5 39. Rd7+ Kf6 40. Rd6+ Ke5 41. Rxa6 Rxc2 42. Ra4 Bc7 43. Re4+ Kf6 44. Bg4 Bf4 45. Re6+ Kf7 46. Re1 Rh2+ 47. Kg1 Rb2 48. Rd1 Be3+ 49. Kh1 Kf6 50. Rf1+ Ke5 51. Re1 Kf4 52. Rf1+ Ke4 53. Bf5+ Ke5 54. Bg4 Bf4 55. Re1+ Kd4 56. Re2 Rb1+ 57. Kg2 Rb3 58. Ra2 Rg3+ 59. Kf2 Rc3 60. Kg2 Kd3 61. Bf5+ Ke3 62. Bg4 Rc1 63. Re2+ Kd3 64. Ra2 Be3 65. Bf5+ Kd4 66. Bg4 Bf4 67. Ra4+ Ke3 68. Ra3+ Ke4 69. Ra4+ Ke5 70. Ra5+ Kd4 71. Ra4+ Kc5 72. Ra2 Kc4 73. Re2 Kd3 74. Ra2 Rc2+ 75. Rxc2 Kxc2 76. Kf3 Bc1 77. Bf5+ Kc3 78. Kg4 Kd4 79. Bg6 Ke5 80. Bh5 Kf6 81. h4 gxh4 82. Kxh4 1/2-1/2

[Event "PRO League Stage"]
[Site "Chess.com INT"]
[Date "2020.01.08"]
[Round "1"]
[White "Valsecchi, Alessio"]
[Black "Klein, David"]
[Result "1-0"]
[WhiteElo "2512"]
[BlackElo "2495"]
[PlyCount "117"]
[EventDate "2020.01.06"]
[EventType "team-swiss (rapid)"]
[EventRounds "7"]
[EventCountry "USA"]
[SourceTitle "CBM 194 Extra"]
[Source "ChessBase"]
[SourceDate "2020.03.31"]
[SourceVersion "1"]
[SourceVersionDate "2020.03.31"]
[SourceQuality "1"]
[WhiteTeam "Italy Gladiators"]
[BlackTeam "Netherlands Mosquitoes"]
[WhiteTeamCountry "ITA"]
[BlackTeamCountry "NED"]

1. c4 e6 2. Nc3 d5 3. d4 Be7 4. Nf3 Nf6 5. Bg5 h6 6. Bxf6 Bxf6 7. e3 0-0 8. Qc2 b6 9. 0-0-0 Bb7 10. cxd5 exd5 11. h4 c5 12. g4 cxd4 13. Nxd4 Nc6 14. g5 Nxd4 15. exd4 hxg5 16. hxg5 Bxg5+ 17. Kb1 g6 18. Bd3 Kg7 19. Rhg1 Qf6 20. f4 Qxf4 21. Rdf1 Qd2 22. Nb5 Rad8 23. Bxg6 fxg6 24. Qc7+ Kg8 25. Rxf8+ Rxf8 26. a4 Bc8 27. Ka2 Bf5 28. Qc6 Rd8 29. Nd6 Rxd6 30. Qxd6 Qxd4 31. Rxg5 Qxa4+ 32. Qa3 Qc4+ 33. b3 Qf4 34. Rg2 Qe4 35. Rb2 a5 36. Qd6 Qe6 37. Qd8+ Kg7 38. Rh2 Bh3 39. Qh4 Qg4 40. Qxh3 Qxh3 41. Rxh3 Kf6 42. Rc3 Ke5 43. Rc6 g5 44. Rxb6 g4 45. Kb2 g3 46. Rg6 Kf4 47. Kc3 Kf3 48. Kd4 g2 49. Kxd5 Kf2 50. Kc5 g1Q 51. Rxg1 Kxg1 52. Kb5 Kf2 53. Kxa5 Ke3 54. b4 Kd4 55. b5 Kc5 56. Ka6 Kd6 57. b6 Kd7 58. b7 Kc7 59. Ka7 1-0

[Event "PRO League Stage"]
[Site "Chess.com INT"]
[Date "2019.03.13"]
[Round "10"]
[White "Cornette, Matthieu"]
[Black "Klein, David"]
[Result "1-0"]
[WhiteElo "2587"]
[BlackElo "2492"]
[PlyCount "71"]
[EventDate "2019.01.08"]
[EventType "team-swiss (rapid)"]
[EventRounds "10"]
[EventCountry "USA"]
[SourceTitle "CBM 189 Extra"]
[Source "ChessBase"]
[SourceDate "2019.05.31"]
[SourceVersion "1"]
[SourceVersionDate "2019.05.31"]
[SourceQuality "1"]
[WhiteTeam "Cannes Blitzstreams"]
[BlackTeam "Amsterdam Mosquitoes"]
[WhiteTeamCountry "FRA"]
[BlackTeamCountry "NED"]

1. e4 c5 2. Nf3 d6 3. Nc3 a6 4. g3 Nf6 5. e5 dxe5 6. Nxe5 Nbd7 7. d4 e6 8. Be3 cxd4 9. Bxd4 Qc7 10. Qe2 b5 11. Bg2 Bb7 12. Bxb7 Qxb7 13. 0-0-0 Nxe5 14. Qxe5 Rc8 15. Rhg1 b4 16. Ne2 Qc6 17. Kb1 Qxc2+ 18. Ka1 Qe4 19. Rc1 Rd8 20. Qc7 Be7 21. Rge1 Qd5 22. Bb6 Ra8 23. Red1 Qf3 24. Ng1 Qe4 25. f3 Qf5 26. Qc6+ Kf8 27. Qxa8+ Ne8 28. Rc8 Qb5 29. Ne2 g5 30. Nd4 Qd7 31. Nxe6+ Qxe6 32. Rxe8+ Kg7 33. Rxh8 Qxb6 34. Qg8+ Kf6 35. Rxh7 Qe6 36. Rh6+ 1-0

[Event "PRO League Stage"]
[Site "Chess.com INT"]
[Date "2019.02.27"]
[Round "8"]
[White "Klein, David"]
[Black "Huschenbeth, Niclas"]
[Result "0-1"]
[WhiteElo "2492"]
[BlackElo "2585"]
[PlyCount "106"]
[EventDate "2019.01.08"]
[EventType "team-swiss (rapid)"]
[EventRounds "10"]
[EventCountry "USA"]
[SourceTitle "CBM 189 Extra"]
[Source "ChessBase"]
[SourceDate "2019.05.31"]
[SourceVersion "1"]
[SourceVersionDate "2019.05.31"]
[SourceQuality "1"]
[WhiteTeam "Amsterdam Mosquitoes"]
[BlackTeam "Berlin Bears"]
[WhiteTeamCountry "NED"]
[BlackTeamCountry "GER"]

1. Nf3 d5 2. c4 e6 3. e3 Nf6 4. b3 c5 5. Bb2 Nc6 6. cxd5 exd5 7. d4 cxd4 8. Nxd4 Bb4+ 9. Bc3 Bd6 10. Nd2 Bg4 11. Be2 Bxe2 12. Qxe2 0-0 13. 0-0 Rc8 14. h3 Re8 15. Rad1 Be5 16. Nxc6 bxc6 17. Bxe5 Rxe5 18. Nf3 Re7 19. Qb2 c5 20. Rc1 Qb6 21. Rc2 Rec7 22. Qe5 Qe6 23. Qb2 a5 24. Rfc1 h6 25. Qa3 Qb6 26. Ne5 Ne4 27. Qb2 Qb5 28. Nf3 a4 29. Nd4 Qd7 30. Ne2 Rb8 31. Qe5 axb3 32. axb3 Re8 33. Qh5 Rb7 34. Nf4 Nf6 35. Qf3 d4 36. Rxc5 dxe3 37. fxe3 Rxb3 38. R5c3 Qd2 39. Rxb3 Qxc1+ 40. Kh2 Ne4 41. Ne2 Qc8 42. Rd3 g5 43. Rd4 Qc7+ 44. Ng3 f5 45. Rd5 h5 46. Rxf5 h4 47. Kg1 hxg3 48. Qh5 Qc1+ 49. Rf1 Qxe3+ 50. Kh1 Nf2+ 51. Kg1 Nxh3+ 52. Kh1 Qg1+ 53. Rxg1 Nf2# 0-1

[Event "PRO League Stage"]
[Site "Chess.com INT"]
[Date "2019.02.27"]
[Round "8"]
[White "Osmanodja, Filiz"]
[Black "Klein, David"]
[Result "0-1"]
[WhiteElo "2318"]
[BlackElo "2492"]
[PlyCount "88"]
[EventDate "2019.01.08"]
[EventType "team-swiss (rapid)"]
[EventRounds "10"]
[EventCountry "USA"]
[SourceTitle "CBM 189 Extra"]
[Source "ChessBase"]
[SourceDate "2019.05.31"]
[SourceVersion "1"]
[SourceVersionDate "2019.05.31"]
[SourceQuality "1"]
[WhiteTeam "Berlin Bears"]
[BlackTeam "Amsterdam Mosquitoes"]
[WhiteTeamCountry "GER"]
[BlackTeamCountry "NED"]

1. e4 c5 2. Nc3 a6 3. Nf3 e6 4. d4 cxd4 5. Nxd4 Qc7 6. Bd3 b5 7. 0-0 Nf6 8. Qe2 Bb7 9. Bg5 Bd6 10. g3 h6 11. Bxf6 gxf6 12. a4 b4 13. Nd1 h5 14. Ne3 h4 15. Kg2 Be5 16. Nf3 h3+ 17. Kg1 Bxb2 18. Rab1 Bc3 19. Nd1 a5 20. Rb3 Be5 21. Nxe5 fxe5 22. Ne3 Nc6 23. c3 Rc8 24. Rfb1 Ba8 25. Qf3 f5 26. Nxf5 exf5 27. Qxf5 Ne7 28. Qf6 Rf8 29. Qh6 Qc5 30. Rf1 bxc3 31. Ba6 Qc6 32. Qh5+ Kd8 33. Bxc8 Qxe4 34. f3 Qd4+ 35. Rf2 Qd1+ 36. Rf1 Qxb3 37. Qh6 Rxf3 38. Qh8+ Qg8 39. Qxe5 Rxf1+ 40. Kxf1 Qc4+ 41. Kg1 Nc6 42. Qh8+ Kc7 43. Bxd7 Qd4+ 44. Kf1 Qxh8 0-1

[Event "PRO League Stage"]
[Site "Chess.com INT"]
[Date "2019.02.07"]
[Round "5"]
[White "Klein, David"]
[Black "Diaz Camallonga, Carles"]
[Result "1-0"]
[WhiteElo "2492"]
[BlackElo "2432"]
[PlyCount "131"]
[EventDate "2019.01.08"]
[EventType "team-swiss (rapid)"]
[EventRounds "10"]
[EventCountry "USA"]
[SourceTitle "CBM 188 Extra"]
[Source "ChessBase"]
[SourceDate "2019.02.28"]
[SourceVersion "1"]
[SourceVersionDate "2019.02.28"]
[SourceQuality "1"]
[WhiteTeam "Amsterdam Mosquitoes"]
[BlackTeam "Barcelona Raptors"]
[WhiteTeamCountry "NED"]
[BlackTeamCountry "ESP"]

1. c4 e6 2. b3 Nf6 3. Bb2 Be7 4. Nf3 0-0 5. e3 b6 6. Be2 Bb7 7. Qc2 c5 8. a3 Nc6 9. Ng5 h6 10. h4 e5 11. Nc3 g6 12. Nge4 Nxe4 13. Nxe4 d6 14. h5 g5 15. Ng3 Bf6 16. Bf3 Qd7 17. Qf5 Qxf5 18. Nxf5 Rad8 19. Nxh6+ Kh7 20. Nf5 Na5 21. Bxb7 Nxb7 22. e4 Na5 23. Rh3 Nc6 24. Bc3 g4 25. Rg3 Rg8 26. Ke2 Rg5 27. Rh1 Nd4+ 28. Bxd4 exd4 29. f4 gxf3+ 30. Kxf3 Rxg3+ 31. Kxg3 Rb8 32. a4 a6 33. Kh3 Be5 34. Rf1 b5 35. axb5 axb5 36. Ne7 Kg7 37. Rf3 bxc4 38. bxc4 Rb2 39. d3 Rd2 40. g3 f6 41. Kg4 Rh2 42. Nd5 Kf7 43. Nf4 Rh1 44. Ng6 Kg7 45. Nh4 Rh2 46. Kf5 Kf7 47. h6 Rh1 48. Kg4 Rd1 49. Kh5 Rd2 50. g4 Kg8 51. g5 fxg5 52. Kg6 Bf4 53. Nf5 Rh2 54. Rf1 Kf8 55. h7 Ke8 56. Ng7+ Ke7 57. Rxf4 gxf4 58. Nh5 Rg2+ 59. Kh6 f3 60. h8Q f2 61. Qf6+ Kd7 62. Qf7+ Kc6 63. Qf3 Rh2 64. e5+ Kd7 65. Qf7+ Kc6 66. e6 1-0

[Event "Titled Tuesday intern op 2nd Febr"]
[Site "Chess.com INT"]
[Date "2019.02.05"]
[Round "7"]
[White "Klein, David"]
[Black "Boe, Mads"]
[Result "1-0"]
[WhiteElo "2492"]
[BlackElo "2287"]
[PlyCount "109"]
[EventDate "2019.02.05"]
[EventType "swiss (blitz)"]
[EventRounds "10"]
[EventCountry "USA"]
[SourceTitle "EXT 2021"]
[Source "ChessBase"]
[SourceDate "2020.10.23"]
[SourceVersion "1"]
[SourceVersionDate "2020.10.23"]
[SourceQuality "1"]

1. b3 d5 2. Bb2 Bg4 3. c4 c6 4. Nf3 Bxf3 5. gxf3 e6 6. e3 Nf6 7. Nc3 g6 8. d4 Bd6 9. f4 Nbd7 10. Be2 Qe7 11. Qc2 a6 12. Bf3 Bb4 13. a3 Bd6 14. c5 Bc7 15. b4 0-0 16. h4 b6 17. Ne2 a5 18. Rb1 axb4 19. axb4 b5 20. h5 Kg7 21. Kf1 Rg8 22. Ng3 Kf8 23. Bc3 Ke8 24. Ke2 Kf8 25. hxg6 hxg6 26. Ra1 Kg7 27. Qb2 Rgb8 28. Qb1 Qd8 29. Qg1 Rxa1 30. Bxa1 Ra8 31. Bc3 Ra3 32. Bd2 Kf8 33. Rh8+ Ng8 34. f5 Qf6 35. Qh1 exf5 36. Qh7 Qxh8 37. Qxh8 Ra2 38. Qh1 f4 39. Nf1 Ngf6 40. Qh8+ Ng8 41. Kd3 Ndf6 42. Qh3 Ne7 43. Qh6+ Kg8 44. Qg5 Kg7 45. Kc3 Nf5 46. Kb3 Ra1 47. Nh2 Rb1+ 48. Kc2 Ra1 49. Ng4 Bd8 50. Nxf6 Bxf6 51. Qxf4 Ra2+ 52. Kc1 Ra1+ 53. Kb2 Ra4 54. Qc7 Bxd4+ 55. exd4 1-0

[Event "Titled Tuesday intern op 2nd Febr"]
[Site "Chess.com INT"]
[Date "2019.02.05"]
[Round "9"]
[White "Klein, David"]
[Black "Gukesh, Dommaraju"]
[Result "0-1"]
[WhiteElo "2492"]
[BlackElo "2508"]
[PlyCount "76"]
[EventDate "2019.02.05"]
[EventType "swiss (blitz)"]
[EventRounds "10"]
[EventCountry "USA"]
[SourceTitle "EXT 2021"]
[Source "ChessBase"]
[SourceDate "2020.10.23"]
[SourceVersion "1"]
[SourceVersionDate "2020.10.23"]
[SourceQuality "1"]

1. g3 g6 2. Bg2 Bg7 3. Nf3 Nf6 4. 0-0 0-0 5. c4 d6 6. Nc3 Nc6 7. d4 Bg4 8. h3 Bxf3 9. Bxf3 Nd7 10. e3 e5 11. d5 Ne7 12. Bg2 f5 13. Rb1 e4 14. Ne2 Nc5 15. Nf4 g5 16. Nh5 Be5 17. b4 Nd3 18. f3 Nxc1 19. Rxc1 exf3 20. Qxf3 Qe8 21. g4 f4 22. exf4 gxf4 23. c5 Ng6 24. Kh1 Qe7 25. Qe4 Qg5 26. cxd6 cxd6 27. Rc7 Rac8 28. Rxb7 f3 29. Bxf3 Rc1 30. Qe2 Nh4 31. Bg2 Rcxf1+ 32. Bxf1 Qc1 33. Kg1 Rxf1+ 34. Qxf1 Bd4+ 35. Kh2 Qxf1 36. Rb8+ Kf7 37. Rb7+ Kg6 38. Kg3 Qf2# 0-1

[Event "PRO League Stage"]
[Site "Chess.com INT"]
[Date "2019.01.08"]
[Round "1"]
[White "Delorme, Alban"]
[Black "Klein, David"]
[Result "0-1"]
[WhiteElo "2320"]
[BlackElo "2492"]
[PlyCount "92"]
[EventDate "2019.01.08"]
[EventType "team-swiss (rapid)"]
[EventRounds "10"]
[EventCountry "USA"]
[SourceTitle "CBM 188 Extra"]
[Source "ChessBase"]
[SourceDate "2019.02.28"]
[SourceVersion "1"]
[SourceVersionDate "2019.02.28"]
[SourceQuality "1"]
[WhiteTeam "Marseille Migraines"]
[BlackTeam "Amsterdam Mosquitoes"]
[WhiteTeamCountry "FRA"]
[BlackTeamCountry "NED"]

1. d4 Nf6 2. Nf3 e6 3. g3 c5 4. Bg2 cxd4 5. 0-0 d5 6. Nxd4 Be7 7. c4 e5 8. Nf3 e4 9. Nd4 dxc4 10. Qa4+ Nbd7 11. Rd1 0-0 12. Qxc4 Qa5 13. Nc3 Qh5 14. Nxe4 Nxe4 15. Bxe4 Ne5 16. Qc7 Ng4 17. Nf3 Bc5 18. e3 Bb6 19. Qf4 Nf6 20. Bd3 Bg4 21. Be2 Rae8 22. Kg2 Re4 23. Qd6 Re6 24. Qf4 Nd5 25. Rxd5 Bh3+ 26. Kg1 Qxd5 27. Bd2 h5 28. Bc4 Qc6 29. Rc1 Rf6 30. Be2 Rxf4 31. Rxc6 Ra4 32. Rc1 Rxa2 33. Bb4 Rc8 34. Rxc8+ Bxc8 35. Ng5 Rxb2 36. Bxh5 g6 37. Bc3 Rb1+ 38. Kg2 gxh5 39. Ne4 Be6 40. Nf6+ Kf8 41. Nxh5 Bd5+ 42. f3 Bxe3 43. Nf6 Be6 44. f4 Ke7 45. h4 Rd1 46. Kf3 Bd4 0-1

[Event "PRO League Stage"]
[Site "Chess.com INT"]
[Date "2019.01.08"]
[Round "1"]
[White "Klein, David"]
[Black "Bacrot, Etienne"]
[Result "0-1"]
[WhiteElo "2492"]
[BlackElo "2684"]
[PlyCount "113"]
[EventDate "2019.01.08"]
[EventType "team-swiss (rapid)"]
[EventRounds "10"]
[EventCountry "USA"]
[SourceTitle "CBM 188 Extra"]
[Source "ChessBase"]
[SourceDate "2019.02.28"]
[SourceVersion "1"]
[SourceVersionDate "2019.02.28"]
[SourceQuality "1"]
[WhiteTeam "Amsterdam Mosquitoes"]
[BlackTeam "Marseille Migraines"]
[WhiteTeamCountry "NED"]
[BlackTeamCountry "FRA"]

1. e4 c5 2. Nf3 Nc6 3. d4 cxd4 4. Nxd4 Nf6 5. Nc3 d6 6. Bg5 e6 7. Qd2 a6 8. 0-0-0 Bd7 9. f3 h5 10. Kb1 Be7 11. h4 Qc7 12. f4 b5 13. a3 b4 14. axb4 Nxb4 15. Nb3 Bc6 16. Bd3 0-0 17. Qe2 Rfc8 18. e5 dxe5 19. fxe5 Ng4 20. Be4 Bxe4 21. Nxe4 Nxc2 22. Nd6 Bxd6 23. exd6 Qd7 24. Rh3 Nb4 25. Na5 Rab8 26. Rb3 Qa4 27. Ra3 Qd7 28. Rb3 Nd5 29. Qxa6 Ra8 30. Qb5 Qxd6 31. Rc1 Rcb8 32. Qc6 Qe5 33. Rxb8+ Rxb8 34. Nc4 Qe4+ 35. Ka1 Qxg2 36. Bd2 Ne5 37. Nxe5 Qxd2 38. Qc2 Qa5+ 39. Kb1 Nb4 40. Qc8+ Rxc8 41. Rxc8+ Kh7 42. Nxf7 Qf5+ 43. Ka1 Qxf7 44. b3 Qf2 45. Kb1 Qa2+ 46. Kc1 Qxb3 47. Kd2 Qd3+ 48. Kc1 Qe3+ 49. Kb1 Qe4+ 50. Kc1 Nd5 51. Kd2 Qxh4 52. Ke2 Qh2+ 53. Kf1 h4 54. Ke1 h3 55. Kf1 Qg2+ 56. Ke1 h2 57. Rh8+ 0-1

[Event "PRO League Stage"]
[Site "Chess.com INT"]
[Date "2019.01.08"]
[Round "1"]
[White "Vachier Lagrave, Maxime"]
[Black "Klein, David"]
[Result "1-0"]
[WhiteElo "2780"]
[BlackElo "2492"]
[PlyCount "97"]
[EventDate "2019.01.08"]
[EventType "team-swiss (rapid)"]
[EventRounds "10"]
[EventCountry "USA"]
[SourceTitle "CBM 188 Extra"]
[Source "ChessBase"]
[SourceDate "2019.02.28"]
[SourceVersion "1"]
[SourceVersionDate "2019.02.28"]
[SourceQuality "1"]
[WhiteTeam "Marseille Migraines"]
[BlackTeam "Amsterdam Mosquitoes"]
[WhiteTeamCountry "FRA"]
[BlackTeamCountry "NED"]

1. e4 e5 2. Nf3 Nc6 3. Bb5 Nf6 4. 0-0 Nxe4 5. d4 Nd6 6. Bxc6 dxc6 7. dxe5 Nf5 8. Qxd8+ Kxd8 9. h3 Bd7 10. Rd1 Kc8 11. g4 Ne7 12. Ng5 Be8 13. f4 h5 14. Kg2 c5 15. Nc3 b6 16. Be3 Kb7 17. Rd2 f6 18. Ne6 fxe5 19. f5 hxg4 20. hxg4 Bc6+ 21. Kg3 Ng8 22. Bg5 Bd6 23. Rad1 Rh7 24. Nd8+ Rxd8 25. Bxd8 e4+ 26. Rxd6 cxd6 27. Rxd6 Nh6 28. Re6 Bd7 29. Rxe4 Kc8 30. Bg5 Nf7 31. Bf4 Kd8 32. Re1 Bc6 33. g5 Rh8 34. g6 Nh6 35. Bg5+ Kc8 36. Kf4 Ng8 37. Ne4 Rh2 38. Ke5 Rxc2 39. Ke6 Rg2 40. Kf7 Bxe4 41. Rxe4 Rxg5 42. Kxg7 Rxf5 43. Kxg8 Rf2 44. g7 Rxb2 45. Rg4 Rf2 46. Kh7 Rf7 47. Kh6 Rxg7 48. Rxg7 a6 49. Kg5 1-0

[Event "Titled Tuesday intern op 4th Dec"]
[Site "Chess.com INT"]
[Date "2018.12.04"]
[Round "1"]
[White "Klein, David"]
[Black "Doluhanova, Evgeniya"]
[Result "1-0"]
[WhiteElo "2489"]
[BlackElo "2367"]
[PlyCount "133"]
[EventDate "2018.12.04"]
[EventType "swiss (blitz)"]
[EventRounds "10"]
[EventCountry "USA"]
[SourceTitle "EXT 2021"]
[Source "ChessBase"]
[SourceDate "2020.10.23"]
[SourceVersion "1"]
[SourceVersionDate "2020.10.23"]
[SourceQuality "1"]

1. e4 c5 2. Nf3 Nc6 3. Bb5 g6 4. 0-0 Bg7 5. Re1 Nf6 6. e5 Nd5 7. Nc3 Nc7 8. Bxc6 dxc6 9. Ne4 b6 10. d3 0-0 11. h3 Be6 12. Bg5 Bd5 13. Qe2 Ne6 14. Be3 Bxe4 15. dxe4 Qc7 16. c3 Bxe5 17. Nxe5 Qxe5 18. Qg4 h5 19. Qh4 Qf6 20. Qg3 Rfd8 21. f4 Rd3 22. f5 Ng7 23. Rf1 h4 24. Qf2 gxf5 25. Qe2 Rad8 26. exf5 Qe5 27. Rae1 Qe4 28. Bg5 Qxe2 29. Rxe2 f6 30. Bxh4 R8d7 31. Rff2 Kf7 32. Kh2 b5 33. g4 b4 34. c4 b3 35. axb3 Rxb3 36. Bg3 Rd4 37. Rc2 Rdd3 38. Rg2 Ne8 39. Rcd2 Nd6 40. Rxd3 Rxd3 41. Rc2 Ne4 42. Be1 Re3 43. Bf2 Nxf2 44. Rxf2 a5 45. Kg2 a4 46. Rd2 Re4 47. Rc2 Re3 48. h4 Kg7 49. Rd2 Kf7 50. Rc2 Kg7 51. Rf2 Re4 52. Kf3 Rxc4 53. Re2 Kf7 54. g5 Rb4 55. g6+ Kf8 56. Kg3 c4 57. h5 c3 58. bxc3 Rc4 59. h6 Rxc3+ 60. Kg4 Rc4+ 61. Kh5 Rc1 62. g7+ Kg8 63. Rxe7 Rh1+ 64. Kg6 Rg1+ 65. Kxf6 Kh7 66. Re8 a3 67. Rh8# 1-0

[Event "Titled Tuesday intern op 4th Dec"]
[Site "Chess.com INT"]
[Date "2018.12.04"]
[Round "8"]
[White "Klein, David"]
[Black "Mikaelyan, Arman"]
[Result "1-0"]
[WhiteElo "2489"]
[BlackElo "2474"]
[PlyCount "145"]
[EventDate "2018.12.04"]
[EventType "swiss (blitz)"]
[EventRounds "10"]
[EventCountry "USA"]
[SourceTitle "EXT 2021"]
[Source "ChessBase"]
[SourceDate "2020.10.23"]
[SourceVersion "1"]
[SourceVersionDate "2020.10.23"]
[SourceQuality "1"]

1. e4 Nf6 2. e5 Nd5 3. d4 d6 4. Nf3 g6 5. h3 Bg7 6. Bc4 Nb6 7. Bb3 0-0 8. Qe2 Nc6 9. 0-0 Bf5 10. Nc3 Na5 11. Bf4 Nxb3 12. axb3 c6 13. Rfe1 d5 14. Qd2 Re8 15. Bh6 Bh8 16. Ne2 a6 17. Ng3 Qd7 18. Nh4 Be6 19. f4 f5 20. Nf3 Rac8 21. b4 Bg7 22. Bxg7 Kxg7 23. b3 Na8 24. Ne2 Nc7 25. Nc1 h6 26. Nd3 b6 27. Qf2 Ra8 28. Ra2 Nb5 29. Qg3 Nc3 30. Raa1 Ne4 31. Qh4 Bf7 32. Nf2 a5 33. bxa5 Rxa5 34. Rxa5 bxa5 35. Nd3 Ra8 36. Ra1 Qa7 37. Qe1 Qb6 38. Kh2 Qb5 39. Ra4 e6 40. Nd2 Nc3 41. Ra1 a4 42. bxa4 Rxa4 43. Rxa4 Qxa4 44. Nb3 Nb5 45. Ndc5 Qc4 46. Qd2 Na3 47. c3 Nb1 48. Qc1 Nxc3 49. Qc2 Nb5 50. Qb2 g5 51. Qd2 Kg6 52. Qe3 Qc3 53. Qxc3 Nxc3 54. g3 Ne2 55. Nd3 Be8 56. Kg2 Bd7 57. Kf2 Nc3 58. Nbc5 Bc8 59. Nb4 gxf4 60. gxf4 Kh5 61. Nxc6 Ne4+ 62. Nxe4 fxe4 63. Kg3 Bd7 64. Nb4 Bb5 65. Nc2 Bd3 66. Ne3 Kg6 67. h4 Be2 68. Kf2 Bb5 69. Ng2 Kf5 70. Kg3 Bc6 71. h5 e3 72. Kf3 e2 73. Ne3# 1-0

[Event "Titled Tuesday intern op 4th Dec"]
[Site "Chess.com INT"]
[Date "2018.12.04"]
[Round "9"]
[White "Maghsoodloo, Parham"]
[Black "Klein, David"]
[Result "1-0"]
[WhiteElo "2688"]
[BlackElo "2489"]
[PlyCount "57"]
[EventDate "2018.12.04"]
[EventType "swiss (blitz)"]
[EventRounds "10"]
[EventCountry "USA"]
[SourceTitle "EXT 2021"]
[Source "ChessBase"]
[SourceDate "2020.10.23"]
[SourceVersion "1"]
[SourceVersionDate "2020.10.23"]
[SourceQuality "1"]

1. e4 g6 2. d4 Bg7 3. Nc3 d6 4. h4 h6 5. Be3 a6 6. Qd2 b5 7. f3 Bb7 8. g4 Nf6 9. Bg2 b4 10. Nd1 a5 11. Nf2 Nbd7 12. Ne2 c5 13. dxc5 dxc5 14. f4 Qc7 15. 0-0-0 Nb6 16. Ng3 Nc4 17. Qe2 Nxb2 18. e5 Bxg2 19. exf6 Bxf6 20. Nfe4 Bxe4 21. Nxe4 Bg7 22. Qb5+ Kf8 23. Rd7 Qc8 24. Bxc5 Rb8 25. Bxe7+ Kg8 26. Qd5 Qc4 27. Qxc4 Nxc4 28. Nf6+ Bxf6 29. Bxf6 1-0